[Event "Barcelona Sant Marti op-B 25th"]
[Site "Barcelona"]
[Date "2025.07.21"]
[Round "9"]
[White "Febrero Perez, Lluis"]
[Black "Isern Sopterean, Marc"]
[Result "0-1"]
[WhiteElo "1583"]
[BlackElo "1492"]
[PlyCount "68"]
[EventDate "2025.07.13"]
[EventType "swiss"]
[EventRounds "9"]
[EventCountry "ESP"]
[SourceTitle "CB30_2025"]
[SourceDate "2025.07.23"]
[SourceVersion "1"]
[SourceVersionDate "2025.07.23"]
[SourceQuality "1"]

1. e4 c5 2. Nf3 e6 3. b3 a6 4. Bb2 Nc6 5. d4 cxd4 6. Nxd4 Nf6 7. g3 Nxe4 8. c4 Bb4+ 9. Ke2 Nxd4+ 10. Qxd4 Nf6 11. c5 Ba5 12. Bg2 0-0 13. b4 e5 14. Qc4 Bc7 15. Rd1 Qe7 16. Kf1 d6 17. cxd6 Bxd6 18. a3 Be6 19. Qe2 Rac8 20. Nd2 Rc2 21. Qd3 Rxb2 22. Nc4 Bxc4 23. Qxc4 e4 24. Qc1 Be5 25. Re1 Ng4 26. Rxe4 Qf6 27. f4 Rf2+ 28. Kg1 Bxa1 29. h3 Rxg2+ 30. Kxg2 Nh6 31. Re2 Bd4 32. g4 Qh4 33. Qd2 Ba7 34. Re7 Qxe7 0-1

[Event "Barcelona Sant Marti op-B 25th"]
[Site "Barcelona"]
[Date "2025.07.20"]
[Round "8"]
[White "Marin Pena, Faustino"]
[Black "Febrero Perez, Lluis"]
[Result "1-0"]
[WhiteElo "1736"]
[BlackElo "1583"]
[PlyCount "85"]
[EventDate "2025.07.13"]
[EventType "swiss"]
[EventRounds "9"]
[EventCountry "ESP"]
[SourceTitle "CB30_2025"]
[SourceDate "2025.07.23"]
[SourceVersion "1"]
[SourceVersionDate "2025.07.23"]
[SourceQuality "1"]

1. d4 Nf6 2. c4 g6 3. Nc3 Bg7 4. Nf3 0-0 5. e4 d6 6. Be2 c6 7. 0-0 Na6 8. h3 Nc7 9. Be3 b6 10. Qd2 Re8 11. Rfd1 d5 12. e5 Ne4 13. Nxe4 dxe4 14. Ng5 f5 15. exf6 exf6 16. Nxe4 Rxe4 17. Bf3 Re6 18. d5 cxd5 19. cxd5 Re5 20. d6 Ba6 21. dxc7 Qxd2 22. Rxd2 Rf8 23. Rd8 f5 24. Rad1 Re7 25. Rxf8+ Kxf8 26. Bf4 Ke8 27. Rd8+ Kf7 28. c8Q Bxc8 29. Rxc8 Re1+ 30. Kh2 Bxb2 31. Rc7+ Kg8 32. Rxa7 Be5 33. Bxe5 Rxe5 34. Bd1 h6 35. Bb3+ Kh8 36. Rb7 Rb5 37. Bf7 g5 38. Bb3 Rb4 39. g3 f4 40. gxf4 Rxf4 41. Rxb6 Rxf2+ 42. Kg3 Rf5 43. Rxh6+ 1-0

[Event "Barcelona Sant Marti op-B 24th"]
[Site "Barcelona"]
[Date "2024.07.18"]
[Round "6"]
[White "Morales Gesti, Jose Narciso"]
[Black "Febrero Perez, Lluis"]
[Result "1-0"]
[WhiteElo "1430"]
[BlackElo "1575"]
[PlyCount "77"]
[EventDate "2024.07.13"]
[EventType "swiss"]
[EventRounds "9"]
[EventCountry "ESP"]
[SourceTitle "EXT 2025"]
[Source "ChessBase"]
[SourceDate "2024.10.14"]
[SourceVersion "1"]
[SourceVersionDate "2024.10.14"]
[SourceQuality "1"]

1. e4 e5 2. d3 Nf6 3. Nf3 Nc6 4. g3 d5 5. exd5 Nxd5 6. Bg2 g6 7. 0-0 Bg7 8. Bd2 0-0 9. Nc3 Bg4 10. Rb1 Qd7 11. Nxd5 Qxd5 12. b3 Rfe8 13. h3 Be6 14. Ng5 Qd7 15. Nxe6 Rxe6 16. h4 Rd6 17. Qe1 Rd8 18. Bb4 Nxb4 19. Qxb4 c6 20. Rfd1 Rd4 21. Qe1 h5 22. Kh2 Kh7 23. Qe2 f5 24. Rh1 f4 25. Be4 Rf8 26. Qxh5+ Kg8 27. Qxg6 Rf6 28. Qh7+ Kf8 29. Qh5 Rh6 30. Qf5+ Qxf5 31. Bxf5 fxg3+ 32. fxg3 Rh5 33. Rhf1 Kg8 34. Rf3 e4 35. Bxe4 Be5 36. Rf5 Rxh4+ 37. Kg2 Rhxe4 38. dxe4 Rxe4 39. Kf3 1-0

[Event "Barcelona Sant Marti op-B 24th"]
[Site "Barcelona"]
[Date "2024.07.14"]
[Round "2"]
[White "Salazar Navas, Josep"]
[Black "Febrero Perez, Lluis"]
[Result "0-1"]
[WhiteElo "1740"]
[BlackElo "1575"]
[PlyCount "90"]
[EventDate "2024.07.13"]
[EventType "swiss"]
[EventRounds "9"]
[EventCountry "ESP"]
[SourceTitle "EXT 2025"]
[Source "ChessBase"]
[SourceDate "2024.10.14"]
[SourceVersion "1"]
[SourceVersionDate "2024.10.14"]
[SourceQuality "1"]

1. e4 e5 2. Bc4 Nf6 3. d3 g6 4. Nc3 Bg7 5. f4 exf4 6. Bxf4 0-0 7. Qd2 Re8 8. 0-0-0 c6 9. g4 b5 10. Bb3 a5 11. a4 b4 12. Nce2 Nxg4 13. Nh3 Na6 14. Bg5 Qb6 15. Qf4 d5 16. Rdf1 Ra7 17. Rhg1 Ne5 18. Rg3 Nc5 19. d4 Ne6 20. Qd2 Nc4 21. Bxc4 dxc4 22. e5 Nxg5 23. Nxg5 Bf5 24. Qf4 c5 25. Qh4 h5 26. Ne4 cxd4 27. Rxf5 Bxe5 28. Nf6+ Bxf6 29. Rxf6 Qd8 30. Kd1 Qe7 31. Rg2 d3 32. cxd3 Qd7 33. Nf4 Qxa4+ 34. Kd2 c3+ 35. bxc3 Qa2+ 36. Kc1 Qa1+ 37. Kc2 Qxc3+ 38. Kd1 Rae7 39. Rfxg6+ fxg6 40. Rxg6+ Rg7 41. Rxg7+ Qxg7 42. Nxh5 Qa1+ 43. Kd2 Qb2+ 44. Kd1 Qe2+ 45. Kc1 Rc8+ 0-1

[Event "Llinars del Valles op 4th"]
[Site "Llinars del Valles"]
[Date "2024.07.01"]
[Round "7"]
[White "Febrero Perez, Lluis"]
[Black "Juan Noble, Arnau"]
[Result "1/2-1/2"]
[WhiteElo "1561"]
[BlackElo "1744"]
[PlyCount "44"]
[EventDate "2024.06.25"]
[EventType "swiss"]
[EventRounds "9"]
[EventCountry "ESP"]
[SourceTitle "CBM 221 Extra"]
[Source "ChessBase"]
[SourceDate "2024.09.30"]
[SourceVersion "1"]
[SourceVersionDate "2024.09.30"]
[SourceQuality "1"]

1. e4 e5 2. Nf3 Nc6 3. d4 exd4 4. Nxd4 Bc5 5. Be3 Qf6 6. c3 Nge7 7. Bc4 0-0 8. 0-0 d6 9. g3 a5 10. Qd2 h6 11. Nxc6 Nxc6 12. Bxc5 dxc5 13. Qe3 b6 14. Nd2 Bd7 15. Rad1 Rad8 16. f4 Kh8 17. e5 Qe7 18. Ne4 Be6 19. Bb5 Rxd1 20. Rxd1 Na7 21. Ba4 Rd8 22. Rxd8+ Qxd8 1/2-1/2

[Event "Llinars del Valles op 4th"]
[Site "Llinars del Valles"]
[Date "2024.06.30"]
[Round "6"]
[White "Garcia Comas, Pau"]
[Black "Febrero Perez, Lluis"]
[Result "1-0"]
[WhiteElo "1812"]
[BlackElo "1561"]
[PlyCount "44"]
[EventDate "2024.06.25"]
[EventType "swiss"]
[EventRounds "9"]
[EventCountry "ESP"]
[SourceTitle "CBM 221 Extra"]
[Source "ChessBase"]
[SourceDate "2024.09.30"]
[SourceVersion "1"]
[SourceVersionDate "2024.09.30"]
[SourceQuality "1"]

1. d4 Nf6 2. c4 g6 3. Nf3 Bg7 4. g3 0-0 5. Bg2 c6 6. 0-0 Na6 7. Nc3 d5 8. cxd5 cxd5 9. e3 Bd7 10. Qb3 Bc6 11. Ne5 Rb8 12. Bd2 Nc7 13. Qc2 Qd6 14. Nxc6 Qxc6 15. Rac1 b5 16. Nxd5 Qxc2 17. Nxe7+ Kh8 18. Rxc2 Ne6 19. Rfc1 Ne8 20. d5 Nd8 21. Bc3 f6 22. Bb4 Rf7 1-0

[Event "Llinars del Valles op 4th"]
[Site "Llinars del Valles"]
[Date "2024.06.25"]
[Round "1"]
[White "Srijak, Sengupta"]
[Black "Febrero Perez, Lluis"]
[Result "1-0"]
[WhiteElo "1904"]
[BlackElo "1561"]
[PlyCount "53"]
[EventDate "2024.06.25"]
[EventType "swiss"]
[EventRounds "9"]
[EventCountry "ESP"]
[SourceTitle "CBM 221 Extra"]
[Source "ChessBase"]
[SourceDate "2024.09.30"]
[SourceVersion "1"]
[SourceVersionDate "2024.09.30"]
[SourceQuality "1"]

1. c4 c5 2. g3 Nc6 3. Bg2 Nf6 4. Nc3 g6 5. Nf3 Bg7 6. 0-0 0-0 7. d4 cxd4 8. Nxd4 Nxd4 9. Qxd4 Ne8 10. Qd3 d6 11. b3 Rb8 12. Bb2 Nc7 13. Rab1 Na6 14. Nd5 e6 15. Bxg7 Kxg7 16. Qd4+ f6 17. Nc3 b6 18. Rfd1 Bb7 19. Qxd6 Bxg2 20. Qxe6 Qxd1+ 21. Rxd1 Bb7 22. Rd7+ Kh8 23. Qh3 f5 24. f4 Rf6 25. e4 Bxe4 26. g4 fxg4 27. Qxg4 1-0

[Event "Sant Adria de Besos op-B 5th"]
[Site "Sant Adria de Besos"]
[Date "2023.08.15"]
[Round "6"]
[White "Guerra Blanco, Antonio"]
[Black "Febrero Perez, Lluis"]
[Result "0-1"]
[WhiteElo "1485"]
[BlackElo "1326"]
[PlyCount "110"]
[EventDate "2023.08.11"]
[EventType "swiss"]
[EventRounds "9"]
[EventCountry "ESP"]
[SourceTitle "EXT 2024"]
[Source "ChessBase"]
[SourceDate "2023.10.10"]
[SourceVersion "1"]
[SourceVersionDate "2023.10.10"]
[SourceQuality "1"]

1. d4 Nf6 2. Nf3 g6 3. c4 Bg7 4. Nc3 d5 5. cxd5 Nxd5 6. e4 Nxc3 7. bxc3 b6 8. Be2 Bb7 9. Qc2 Nd7 10. 0-0 0-0 11. Be3 Rc8 12. Rab1 c5 13. Rfd1 cxd4 14. Bxd4 Qc7 15. Bxg7 Kxg7 16. h4 Nf6 17. e5 Ng4 18. c4 Qc5 19. Rd4 Nxf2 20. Rb5 Qxb5 21. Kxf2 Bxf3 22. Kxf3 Qxe5 23. Qd2 Qf6+ 24. Rf4 Qc6+ 25. Kf2 Qc5+ 26. Kf1 Rfd8 27. Qc3+ f6 28. h5 Qc6 29. Bf3 Qd6 30. Re4 Rc5 31. hxg6 e5 32. Re1 Qd3+ 33. Qxd3 Rxd3 34. Kf2 Ra3 35. Ra1 Rxc4 36. Bd5 Rg4 37. Bf7 b5 38. Rc1 b4 39. Rc8 Rxg6 40. Rc7 Rgg3 41. Bh5+ Kf8 42. Rc8+ Ke7 43. Kf1 Rg5 44. Be2 Rxa2 45. Kf2 Ra4 46. Ke3 Ra3+ 47. Ke4 f5+ 48. Kxe5 Rxg2 49. Bd1 Rg5 50. Rh8 Ra6 51. Rxh7+ Kd8 52. Bc2 Ra2 53. Bxf5 a5 54. Ke6 a4 55. Rh8+ Kc7 0-1

[Event "Barcelona Sant Marti op-B 23rd"]
[Site "Barcelona"]
[Date "2023.07.20"]
[Round "8"]
[White "Febrero Perez, Lluis"]
[Black "Abascal Vicente, Ignacio"]
[Result "0-1"]
[WhiteElo "1287"]
[BlackElo "1521"]
[PlyCount "72"]
[EventDate "2023.07.13"]
[EventType "swiss"]
[EventRounds "9"]
[EventCountry "ESP"]
[SourceTitle "CBM 215 Extra"]
[Source "ChessBase"]
[SourceDate "2023.09.30"]
[SourceVersion "1"]
[SourceVersionDate "2023.09.30"]
[SourceQuality "1"]

1. e4 e5 2. Nf3 Nc6 3. d4 exd4 4. Nxd4 Bc5 5. Be3 Qf6 6. c3 Nge7 7. Be2 0-0 8. 0-0 Re8 9. Bf3 Ne5 10. Be2 Qg6 11. Nb5 Qc6 12. Bxc5 Qxc5 13. b4 Qc6 14. Nd2 a6 15. Nd4 Qxc3 16. Nc2 Qc6 17. Ne3 Qg6 18. Bh5 Qb6 19. a3 d6 20. Rc1 Be6 21. Ndc4 Nxc4 22. Nxc4 Bxc4 23. Rxc4 Rad8 24. Qb3 g6 25. Be2 Nc6 26. Rd1 Na5 27. Qf3 Nxc4 28. Bxc4 Re7 29. e5 Rde8 30. h4 dxe5 31. h5 gxh5 32. Qxh5 Qg6 33. Qf3 e4 34. Qe3 Kh8 35. Rd5 Rg8 36. Qd4+ Qg7 0-1

[Event "Figueres Mas op-B 23rd"]
[Site "Figueres"]
[Date "2022.08.11"]
[Round "1"]
[White "Burset Camps, Guillem"]
[Black "Febrero Perez, Lluis"]
[Result "0-1"]
[WhiteElo "1526"]
[BlackElo "1317"]
[PlyCount "57"]
[EventDate "2022.08.11"]
[EventType "swiss"]
[EventRounds "9"]
[EventCountry "ESP"]
[SourceTitle "EXT 2023"]
[Source "ChessBase"]
[SourceDate "2022.10.05"]
[SourceVersion "1"]
[SourceVersionDate "2022.10.05"]
[SourceQuality "1"]

1. d4 Nf6 2. Nf3 g6 3. c4 Bg7 4. Nc3 0-0 5. e4 d6 6. Be2 c5 7. d5 e6 8. 0-0 exd5 9. exd5 Bf5 10. Bg5 Nbd7 11. Qd2 Re8 12. Bf4 Ne5 13. Nxe5 dxe5 14. Bg5 Qd6 15. Rad1 Ne4 16. Nxe4 Bxe4 17. b3 b6 18. f4 Bf5 19. fxe5 Bxe5 20. Bf4 Bd4+ 21. Kh1 Qd7 22. Bf3 Rad8 23. Bg5 f6 24. Bh6 Qf7 25. Rfe1 g5 26. h4 g4 27. Be2 Qh5 28. g3 Qf7 29. Kg2 0-1

[Event "Barcelona Sant Marti op-B 22nd"]
[Site "Barcelona"]
[Date "2022.07.20"]
[Round "8"]
[White "Febrero Perez, Lluis"]
[Black "Blomart, Alain"]
[Result "0-1"]
[WhiteElo "1317"]
[BlackElo "1552"]
[PlyCount "88"]
[EventDate "2022.07.13"]
[EventType "swiss"]
[EventRounds "9"]
[EventCountry "ESP"]
[SourceTitle "CBM 210 Extra"]
[Source "ChessBase"]
[SourceDate "2022.11.30"]
[SourceVersion "1"]
[SourceVersionDate "2022.11.30"]
[SourceQuality "1"]

1. e4 c6 2. d4 d5 3. e5 Bf5 4. Nf3 h6 5. b3 e6 6. Bb2 Ne7 7. Nbd2 Bh7 8. c4 Nf5 9. c5 Be7 10. Be2 0-0 11. 0-0 Nd7 12. Bd3 Nh4 13. Bxh7+ Kxh7 14. Nxh4 Bxh4 15. Nf3 Be7 16. Qc2+ Kg8 17. Rfd1 b6 18. b4 bxc5 19. dxc5 Rb8 20. a3 a5 21. Bc3 axb4 22. axb4 Rb7 23. Rd4 Re8 24. g3 Nf8 25. Nh4 Bxh4 26. Rxh4 Ng6 27. Rd4 Nxe5 28. f4 Nc4 29. Re1 e5 30. fxe5 Nxe5 31. Qf5 f6 32. Rh4 Qb8 33. g4 Rbe7 34. Kg2 Nf7 35. Rxe7 Rxe7 36. g5 fxg5 37. Qg6 Nh8 38. Qxc6 gxh4 39. Qxd5+ Kh7 40. Qf5+ Ng6 41. c6 Re2+ 42. Kh3 Re3+ 43. Kg2 Rxc3 44. b5 Qb6 0-1

[Event "Barcelona Sant Marti op-B 22nd"]
[Site "Barcelona"]
[Date "2022.07.16"]
[Round "4"]
[White "Febrero Perez, Lluis"]
[Black "Salazar Navas, Josep"]
[Result "0-1"]
[WhiteElo "1317"]
[BlackElo "1556"]
[PlyCount "42"]
[EventDate "2022.07.13"]
[EventType "swiss"]
[EventRounds "9"]
[EventCountry "ESP"]
[SourceTitle "CBM 210 Extra"]
[Source "ChessBase"]
[SourceDate "2022.11.30"]
[SourceVersion "1"]
[SourceVersionDate "2022.11.30"]
[SourceQuality "1"]

1. e4 e6 2. d4 d5 3. e5 c5 4. c3 Nc6 5. Nf3 Bd7 6. Bd3 Qb6 7. Bc2 cxd4 8. cxd4 Nb4 9. Na3 Qa6 10. Qe2 Nxc2+ 11. Nxc2 Bb5 12. Qe3 Rc8 13. Qb3 Ba4 14. Nb4 Qb5 15. Qe3 Bxb4+ 16. Bd2 Bxd2+ 17. Nxd2 Qa6 18. b3 Bd7 19. a4 Ne7 20. g4 Nc6 21. f4 Nb4 0-1

[Event "Barcelona Sant Marti op-B 22nd"]
[Site "Barcelona"]
[Date "2022.07.14"]
[Round "2"]
[White "Febrero Perez, Lluis"]
[Black "Madrid Sole, Antonio"]
[Result "0-1"]
[WhiteElo "1317"]
[BlackElo "1725"]
[PlyCount "56"]
[EventDate "2022.07.13"]
[EventType "swiss"]
[EventRounds "9"]
[EventCountry "ESP"]
[SourceTitle "CBM 210 Extra"]
[Source "ChessBase"]
[SourceDate "2022.11.30"]
[SourceVersion "1"]
[SourceVersionDate "2022.11.30"]
[SourceQuality "1"]

1. e4 d5 2. exd5 Qxd5 3. Nf3 Nf6 4. Be2 Bg4 5. h3 Bh5 6. c4 Qd6 7. Nc3 c6 8. d4 e6 9. Bg5 Be7 10. Bh4 0-0 11. Bg3 Qb4 12. Qc2 Bxf3 13. gxf3 Qb6 14. 0-0-0 Na6 15. c5 Qa5 16. Bf4 Nb4 17. Qb3 Nbd5 18. Bd2 Qc7 19. Rdg1 Nf4 20. Bd1 Nd3+ 21. Kb1 Nxf2 22. Bh6 Ne8 23. f4 Nxh1 24. Ne4 Rd8 25. Qd3 f5 26. Bh5 fxe4 27. Qxe4 Rf6 28. Bxe8 Rxh6 0-1

[Event "Llinars del Valles op 1st"]
[Site "Llinars del Valles"]
[Date "2021.06.30"]
[Round "6"]
[White "Febrero Perez, Lluis"]
[Black "Carrasco Gomez, Ariadna"]
[Result "1/2-1/2"]
[WhiteElo "1385"]
[BlackElo "1157"]
[PlyCount "105"]
[EventDate "2021.06.25"]
[EventType "swiss"]
[EventRounds "9"]
[EventCountry "ESP"]
[SourceTitle "CBM 203 Extra"]
[Source "ChessBase"]
[SourceDate "2021.09.30"]
[SourceVersion "1"]
[SourceVersionDate "2021.09.30"]
[SourceQuality "1"]

1. e4 c5 2. Nf3 e6 3. Nc3 a6 4. b3 b6 5. Bb2 Bb7 6. Be2 d6 7. 0-0 Nd7 8. d4 cxd4 9. Nxd4 Qc7 10. Qd2 Ngf6 11. Nd1 g6 12. Qe3 Bxe4 13. c4 Bg7 14. Nc3 Bb7 15. Rac1 0-0 16. Rfd1 Rac8 17. Ba3 Rfd8 18. Nxe6 Qb8 19. Bxd6 Qa7 20. Nxd8 Rxd8 21. Bc7 Re8 22. Qd4 Nd5 23. Qd2 Nxc3 24. Rxc3 Bxc3 25. Qxc3 Rxe2 26. Rxd7 Re8 27. Rd8 Rxd8 28. Bxd8 Qa8 29. Bxb6 Bxg2 30. Qg3 Bf3 31. Bd4 h6 32. Qe5 Kf8 33. Qg7+ Ke7 34. Bf6+ Ke6 35. Bd4 Qe4 36. Qf6+ Kd7 37. Qxf7+ Kd6 38. Qf8+ Kd7 39. Qf7+ Kd6 40. Qf6+ Kd7 41. h4 Qe1+ 42. Kh2 Qh1+ 43. Kg3 Qg2+ 44. Kf4 Qg4+ 45. Ke3 Qe4+ 46. Kd2 Qe2+ 47. Kc3 Qe1+ 48. Kb2 Qd2+ 49. Ka3 Qa5+ 50. Kb2 Qd2+ 51. Ka3 Qa5+ 52. Kb2 Qd2+ 53. Ka3 1/2-1/2